| 000 | 00752nam a22002175a 4500 | ||
|---|---|---|---|
| 005 | 20161222134709.0 | ||
| 008 | 161222r20142010ii fr 000 0 eng d | ||
| 020 | _a9788123918099 | ||
| 040 |
_aEG-ScBUE _beng _cEG-ScBUE _dEG-ScBUE |
||
| 082 | 0 | 4 |
_222 _a624.0221 _bGHO |
| 100 | 1 | _aGhose, D. N. | |
| 245 | 1 | 0 |
_aCivil engineering drawing and design : _b(a comprehensive guide for civil engineering students) / _cby D. N. Ghosh. |
| 250 | _a2nd ed., Reprint ed. | ||
| 260 |
_aNew Delhi : _bCbs Publishers & Distributors PVT. LTD., _c2014. |
||
| 300 |
_a1 v. (Various pagings) : _bill. ; _c24 cm. |
||
| 500 | _aReprinted of the 2010 ed. | ||
| 650 | 7 |
_2BUEsh _912265 _aStructural drawing. |
|
| 651 | _2BUEsh | ||
| 653 |
_bENGGEN _cDecember2016 |
||
| 942 | _2ddc | ||
| 999 |
_c23709 _d23681 |
||